Basic (Record no. 34627)

MARC details
000 -LEADER
fixed length control field 00428nam a22001817a 4500
005 - DATE AND TIME OF LATEST TRANSACTION
control field 20231023195828.0
008 - FIXED-LENGTH DATA ELEMENTS--GENERAL INFORMATION
fixed length control field 231023b |||||||| |||| 00| 0 eng d
020 ## - INTERNATIONAL STANDARD BOOK NUMBER
ISBN 9780619059910
082 ## - DEWEY DECIMAL CLASSIFICATION NUMBER
Classification number 005.2762
Item number TUR-H
100 ## - MAIN ENTRY--AUTHOR
Author Name Turner
245 ## - TITLE STATEMENT
Title Basic
Remainder of title HTML and Javascript
260 ## - PUBLICATION, DISTRIBUTION, ETC.
Place of Publication USA
Name of publisher, distributor, etc. Thomson Learning
Date of publication, distribution, etc. 2003
300 ## - PHYSICAL DESCRIPTION
Pages 224
500 ## - GENERAL NOTE
General note Include Index
650 ## - SUBJECT ADDED ENTRY--TOPICAL TERM
Subject / Department Computer
700 ## - ADDED ENTRY--PERSONAL NAME
Personal name Turner
952 ## - LOCATION AND ITEM INFORMATION (KOHA)
-- 0
-- 0
Holdings
Lost status Damaged status Collection code Permanent Location Current Location Shelving Location Date acquired Full Call Number Accession No./Barcode Date last seen item type Koha item type
    CS/IT Superior Information Resource Center (SIRC) Superior University- Main Campus Superior Information Resource Center (SIRC) Superior University- Main Campus Computer 10/23/2023 005.2762 TUR-B 2012 20767 10/23/2023 BOOK BOOK

Powered by Koha